000 00495nam a2200181Ia 4500
008 100920s9999 xx 000 0 und d
082 _b48416
_a24 थ 84
100 _aबापट ललिता.
245 _aआकाश.
260 _bप्रिया प्रकाशन,मुंबई 4.
_c1984
300 _a139
_bसाधी
365 _b30
520 _aसायो.
630 _aआकाश.
650 _aसायो.
730 _aआकाश.
942 _cBOOK
999 _c695391
_d695388